000 00963cam a2200277 4500
001 M92332
008 090401t1998 xxu||||| |||| 00| 0 eng d
035 _a(Sirsi) u86852
041 _aeng
050 _a526.92
110 _aHM Land Registry
_91247
245 _aInventory of Land Administration Systems in Europe and North America. Part 3.
250 _a2nd ed.
260 _aLondon
_bLand Registry
_c1998
300 _a(89)p. ; 30cm.
350 _a0
520 _aProduced and published by HM Land Registry, London on behalf of the UN ECE Meeting of Officials on Land Administration (ECE/MOLA). Provides information on the procedures used for land use and classification for each country.
650 _aEUROPE
650 _aLAND ADMINISTRATION SYSTEMS
650 _aLAND CLASSIFICATION
650 _aLand use
_96251
650 _aNORTH AMERICA
650 _aUNITED NATIONS ECONOMIC COMMISSION FOR EUROPE
942 _n0
948 _c17/06/1998
999 _c97185
_d97185